Normal view MARC view
  • Freedman, Roger A Ford, A. Lewis

Entry Corporate Name

Number of records used in: 1

001 - CONTROL NUMBER

  • control field: 112387

003 - CONTROL NUMBER IDENTIFIER

  • control field: NUST

005 - DATE AND TIME OF LATEST TRANSACTION

  • control field: 20230516141012.0

008 - FIXED-LENGTH DATA ELEMENTS

  • fixed length control field: 230516|| aca||aabn | a|a d

040 ## - CATALOGING SOURCE

  • Original cataloging agency: NUST
  • Transcribing agency: NUST

110 ## - HEADING--CORPORATE NAME

  • Corporate name or jurisdiction name as entry element: Freedman, Roger A Ford, A. Lewis

670 ## - SOURCE DATA FOUND

  • Source citation: Work cat.: (NUST)594766: Young, Hugh D 3959, Sears and Zemansky's University Physics :, 2008.
© 2023 Central Library, National University of Sciences and Technology. All Rights Reserved.